000 00979nam a2200301Ia 4500
003 OSt
005 20221005062159.0
006 a|||||r|||| 00| 0
007 ta
008 221004b |||||||| |||| 00| 0 eng d
020 _a9780415521765 (pbk)
_cUKP 24.99
024 _a34340
037 _bBBS/15, 08/09/2017, Better Book Service
_cTextual
040 _aCRL
_cCRL
_beng
041 _2eng
_aeng
082 _aV1:17, Q7
100 _aReid Kirsty Ed.
_930282
245 0 _aSources and methods in histories of colonialism
_b approcahing the imperial archive
260 _aLondon
_bRoutledge UK
_c2017
300 _axi,199p.
_ccm.
490 _aThe Routledge guides to using historical sources
650 _a HISTORY
650 _a WORLD HISTORY
650 _aCOLONIES
700 _a Paisley Fiona Ed.
_930281
942 _hV1:17, Q7
_cTEXL
_2cc
999 _c969309
_d969309